Holy Diver Lyrics - Statistics

General Stats
  • This quiz has been taken 46 times
  • The average score is 36 of 44
Answer Stats
Lyrics % Correct
Jump on the {tiger}
100%
Oh don't you see what I {mean}
100%
Oh don't you see what I {mean}
100%
Ride the {tiger}
100%
Ride the {tiger}
100%
Alright, get {away}, get {away}, get {away}
96%
Gotta get {away}
96%
Gotta get {away}, get {away}
96%
Gotta get {away}, get {away}
96%
Gotta get {away}, get {away}
96%
{Holy} {diver}
96%
{Holy} {diver}
96%
{Holy} {diver}
96%
{Holy} {diver}
96%
{Holy} {diver}
96%
{Holy} {diver}, {holy} {diver}
96%
{Holy} {diver}, {holy} {diver}, {holy} {diver} mmhhmmm
96%
{Holy} {diver}, soul survivor
96%
{Holy} {diver}, yeah
96%
Something is {coming} for you
96%
Oh what's {becoming} of me
92%
Oh what's {becoming} of me
92%
You can see his {stripes} but you know he's clean
92%
You can see his {stripes} but you know he's clean
92%
You've been down too long in the {midnight} sea
92%
You've been down too long in the {midnight} sea
92%
Like the {eyes} of a cat in the black and blue
85%
Shiny {diamonds}
81%
Some {light} can never be seen, yeah
77%
You can hide in the sun 'till you see the {light}
77%
No need to look so {afraid}
73%
There's a truth that's hard as {steel}
73%
{Jump}, {jump}
69%
{Look} {out}
69%
You're the {star} of the masquerade
69%
Race for the {morning}
65%
Life's a never ending {wheel}
62%
The {vision} never dies
62%
You can feel his {heart} but you know he's mean
62%
Oh we will {pray} it's all right
58%
Between the {velvet} lies
54%
You're the one who's {clean}
50%
{No}, {no}
46%
Never {come} to knew, coming after you
15%
No matching quizzes found
Score Distribution
Percent of People with Each Score
Percentile by Number Answered
Your Score History
You have not taken this quiz